Logo

Description automatically generated
विद्यार्जन
 संसाधन केंद्र, भारतीय प्रौद्योगिकी संस्थान इन्दौर
Learning Resource Center, Indian Institute of Technology Indore

ऑनलाइन सार्वजनिक अभिगम प्रसूची
Online Public Access Catalogue (OPAC)

Radar meteorology and its applications (Record no. 53144)

MARC details
000 -LEADER
fixed length control field 00672nam a22002297a 4500
005 - DATE AND TIME OF LATEST TRANSACTION
control field 20260421173209.0
008 - FIXED-LENGTH DATA ELEMENTS--GENERAL INFORMATION
fixed length control field 260421b |||||||| |||| 00| 0 eng d
020 ## - INTERNATIONAL STANDARD BOOK NUMBER
International Standard Book Number 9789819554089
Qualifying information hb
082 ## - DEWEY DECIMAL CLASSIFICATION NUMBER
Classification number 551.6353
Item number CHA
100 ## - MAIN ENTRY--PERSONAL NAME
Personal name Chandrasekar, V. [ed.]
245 ## - TITLE STATEMENT
Title Radar meteorology and its applications
260 ## - PUBLICATION, DISTRIBUTION, ETC.
Place of publication, distribution, etc. Singapore
Name of publisher, distributor, etc. Springer Nature
Date of publication, distribution, etc. 2026
300 ## - PHYSICAL DESCRIPTION
Extent xiv, 247p. ; 24cm.
440 ## - SERIES STATEMENT/ADDED ENTRY--TITLE
Title Springer atmospheric sciences
653 ## - INDEX TERM--UNCONTROLLED
Uncontrolled term Radar meteorology
653 ## - INDEX TERM--UNCONTROLLED
Uncontrolled term Doppler radar
653 ## - INDEX TERM--UNCONTROLLED
Uncontrolled term Polariscope
653 ## - INDEX TERM--UNCONTROLLED
Uncontrolled term Radio waves--Polarization--Measurement
700 ## - ADDED ENTRY--PERSONAL NAME
Personal name Das, Saurabh ; [ed.]
700 ## - ADDED ENTRY--PERSONAL NAME
Personal name Datta, Abhirup [ed.]
942 ## - ADDED ENTRY ELEMENTS (KOHA)
Source of classification or shelving scheme Dewey Decimal Classification
Koha item type Book
Holdings
Withdrawn status Lost status Source of classification or shelving scheme Damaged status Not for loan Collection code Home library Current library Shelving location Date acquired Source of acquisition Total Checkouts Full call number Barcode Date last seen Price effective from Koha item type
    Dewey Decimal Classification     Faculty Publication LRC, IIT Indore LRC, IIT Indore Ground Floor - Faculty Publication 21/04/2026 Gratis Book Price : EUR 129.99   551.6353 CHA G2335 21/04/2026 21/04/2026 Text/Reserve Book
Copyright © 2024, 2021, 2017 Indian Institute of Technology Indore. All Rights Reserved.
Managed & maintained by Learning Resource Center, IIT Indore